ARRUPE JESUIT UNIVERSITY

CORONAVIRUS -STOP THE SPREAD - CLEAN,DISINFECT,COVER

Africa and the new face of mission : (Record no. 118685)

MARC details
000 -LEADER
fixed length control field 01555cam a2200349 a 4500
001 - CONTROL NUMBER
control field 15623646
003 - CONTROL NUMBER IDENTIFIER
control field ARRUPE
005 - DATE AND TIME OF LATEST TRANSACTION
control field 20131126121451.0
008 - FIXED-LENGTH DATA ELEMENTS--GENERAL INFORMATION
fixed length control field 090213s2009 mduab b 001 0 eng
010 ## - LIBRARY OF CONGRESS CONTROL NUMBER
LC control number 2009922985
020 ## - INTERNATIONAL STANDARD BOOK NUMBER
International Standard Book Number 9780761845966 (pbk. : alk. paper)
020 ## - INTERNATIONAL STANDARD BOOK NUMBER
International Standard Book Number 9780761845973 (ebook)
040 ## - CATALOGING SOURCE
Original cataloging agency DLC
Transcribing agency DLC
Modifying agency DLC
043 ## - GEOGRAPHIC AREA CODE
Geographic area code f-nr---
050 00 - LIBRARY OF CONGRESS CALL NUMBER
Classification number BV3625.N5
Item number E24 2009
082 00 - DEWEY DECIMAL CLASSIFICATION NUMBER
Classification number 266/.2669
Edition number 22
300 ## - PHYSICAL DESCRIPTION
Other physical details ill., maps ;
Dimensions 23 cm.
100 1# - MAIN ENTRY--PERSONAL NAME
Personal name Ebelebe, Charles A.
Fuller form of name (Charles Achunike)
9 (RLIN) 3851
245 10 - TITLE STATEMENT
Title Africa and the new face of mission :
Remainder of title a critical assessment of the legacy of the Irish Spiritans among the Igbo of southeastern Nigeria /
Statement of responsibility, etc Charles A. Ebelebe.
260 ## - PUBLICATION, DISTRIBUTION, ETC. (IMPRINT)
Place of publication, distribution, etc Lanham, MD :
Name of publisher, distributor, etc University Press of America,
Date of publication, distribution, etc 2009.
300 ## - PHYSICAL DESCRIPTION
Extent xviii, 242 p. :
504 ## - BIBLIOGRAPHY, ETC. NOTE
Bibliography, etc Includes bibliographical references and index.
610 20 - SUBJECT ADDED ENTRY--CORPORATE NAME
Corporate name or jurisdiction name as entry element Catholic Church
General subdivision Missions
Geographic subdivision Nigeria
General subdivision History
Chronological subdivision 20th century.
9 (RLIN) 3852
610 20 - SUBJECT ADDED ENTRY--CORPORATE NAME
Corporate name or jurisdiction name as entry element Holy Ghost Fathers
General subdivision Missions
Geographic subdivision Nigeria
General subdivision History
Chronological subdivision 20th century.
9 (RLIN) 3853
650 #0 - SUBJECT ADDED ENTRY--TOPICAL TERM
Topical term or geographic name as entry element Igbo (African people)
General subdivision Missions
-- History
Chronological subdivision 20th century.
9 (RLIN) 3854
650 #0 - SUBJECT ADDED ENTRY--TOPICAL TERM
Topical term or geographic name as entry element Igbo (African people)
General subdivision Religion.
9 (RLIN) 3855
650 #0 - SUBJECT ADDED ENTRY--TOPICAL TERM
Topical term or geographic name as entry element Christianity and culture
Geographic subdivision Nigeria
General subdivision History
Chronological subdivision 20th century.
9 (RLIN) 3856
650 #0 - SUBJECT ADDED ENTRY--TOPICAL TERM
Topical term or geographic name as entry element Missions, Irish
Geographic subdivision Nigeria
General subdivision History
Chronological subdivision 20th century.
9 (RLIN) 3857
651 #0 - SUBJECT ADDED ENTRY--GEOGRAPHIC NAME
Geographic name Nigeria
General subdivision Church history
Chronological subdivision 20th century.
9 (RLIN) 3858
906 ## - LOCAL DATA ELEMENT F, LDF (RLIN)
a 7
b cbc
c orignew
d 2
e epcn
f 20
g y-gencatlg
942 ## - ADDED ENTRY ELEMENTS (KOHA)
Source of classification or shelving scheme Library of Congress Classification
Koha item type Monograph ( Printed materials)
Holdings
Withdrawn status Lost status Source of classification or shelving scheme Damaged status Not for loan Home library Current library Date acquired Total Checkouts Full call number Barcode Date last seen Price effective from Koha item type
    Library of Congress Classification     ARRUPE LIBRARY ARRUPE LIBRARY 26/11/2013   BV3625.N5 E24 2009 46410193 24/01/2017 26/11/2013 Monograph ( Printed materials)

 

Arrupe Library. PO Box MP320 Mt Pleasant, Harare, Zimbabwe
263 242 745411|librarian@aju.ac.zw